Music Quiz

Random Music or Artist Quiz

Song by clip Quiz Stats

 Plays Quiz not verified by Sporcle

Challenge
Share
Tweet
Score 0/30 Timer 04:00
0 Plays Today
Duration Song % Correct
1.28-1.32Imagine
75.6%
0.00-0.04Fast Car
68.3%
1.08-1.12Another One Bites the Dust
68.3%
0.32-0.36Genie in a Bottle
63.4%
1.00-1.04Royals
63.4%
1.40-1.44Happy
61%
0.28-0.32The Real Slim Shady
56.1%
0.40-0.44Here I Go Again
51.2%
1.20-1.24Demons
51.2%
1.04-1.08Applause
43.9%
1.44-1.48Stay
43.9%
0.12-0.16Runaway Baby
41.5%
0.52-0.56We Can't Stop
39%
1.56-2.00What Does the Fox Say?
39%
1.36-1.40Mack the Knife
31.7%
Duration Song % Correct
1.52-1.56Burn
29.3%
0.16-0.20Will You Still Love Me Tomorrow
26.8%
0.04-0.08I See Fire
24.4%
0.24-0.28Bring Him Home
19.5%
0.08-0.12Take Back the Night
17.1%
0.48-0.52Bang Bang
14.6%
1.32-1.36Pretty Green Eyes
12.2%
0.20-0.24Keep the Faith
9.8%
0.44-0.48Off to the Races
7.3%
1.12-1.16Truck Yeah
7.3%
0.36-0.40Headlights on Dark Roads
4.9%
1.24-1.28Hottest Girl in the World
4.9%
1.48-1.52Flightless Bird, American Mouth
4.9%
0.56-1.00God Put a Smile upon Your Face
2.4%
1.16-1.20Untouchable
2.4%

You're not logged in!

Compare scores with friends on all Sporcle quizzes.
Join for Free
OR
Log In

You Might Also Like...

Show Comments

Extras

Top Quizzes Today


Score Distribution

Your Account Isn't Verified!

In order to create a playlist on Sporcle, you need to verify the email address you used during registration. Go to your Sporcle Settings to finish the process.

Report this User

Report this user for behavior that violates our Community Guidelines.

Details: